00958 2200301 4500001002100000005001500021035002000036007000300056008004100059040002100100100004200121245012200163300002900285504003200314020002200346082001500368084001700383090002200400250003200422264004700454336002100501337003000522338002300552650002500575850001200600999002200612990002200634INLIS00000000087696520230329010040 a0010-0323000232ta230308s2022 yoi g ind d aYOPYOGbinderda0 aAdhie Handika Restu Damaraepengarang10aKritik poligami :bkajian pemikiran Asghar Ali Engineer dan Maqosid Syariah Jasser Auda /cAdhie Handika Restu Damara axiv, 85 halaman ;c21 cm aBibliografi : halaman 80-83 a978-623-5361-48-204223a297.43 a297.43 ADH k aCB-D.11 2022-2439 aCetakan Pertama, April 202234aYogyakarta :bBintang Semesta Media,c2022 2rdacontentateks 2rdamediaatanpa perantara 2rdacarrieravolume 4aPoligami dalam islam aYOPDYOG aCB-D.11/2022-2439 aCB-D.11/2022-2439